<?xml version="1.0" encoding="UTF-8"?>
<record
    xmlns:xsi="http://www.w3.org/2001/XMLSchema-instance"
    xsi:schemaLocation="http://www.loc.gov/MARC21/slim http://www.loc.gov/standards/marcxml/schema/MARC21slim.xsd"
    xmlns="http://www.loc.gov/MARC21/slim">

  <leader>00745nam a22002537a 4500</leader>
  <controlfield tag="003">UA-OsUOA</controlfield>
  <controlfield tag="001"> 38387 </controlfield>
  <controlfield tag="007">ta</controlfield>
  <controlfield tag="008">20060505b un ||||| |||| 00| 0 ukr d</controlfield>
  <datafield tag="090" ind1=" " ind2=" ">
    <subfield code="a">82</subfield>
    <subfield code="b">&#x412;11</subfield>
  </datafield>
  <datafield tag="942" ind1=" " ind2=" ">
    <subfield code="c">MG</subfield>
  </datafield>
  <datafield tag="040" ind1=" " ind2=" ">
    <subfield code="a">UA-OsUOA</subfield>
    <subfield code="b">ukr</subfield>
    <subfield code="c">UA-OsUOA</subfield>
    <subfield code="d">UA-OsUOA</subfield>
  </datafield>
  <datafield tag="245" ind1=" " ind2=" ">
    <subfield code="a">&#x412;&#x456;&#x442;&#x447;&#x438;&#x437;&#x43D;&#x430;</subfield>
    <subfield code="b">&#x41F;&#x440;&#x43E;&#x437;&#x430; - &#x41F;&#x43E;&#x435;&#x437;&#x456;&#x44F; - &#x41F;&#x443;&#x431;&#x43B;&#x456;&#x446;&#x438;&#x441;&#x442;&#x438;&#x43A;&#x430; - &#x41A;&#x440;&#x438;&#x442;&#x438;&#x43A;&#x430; - &#x41C;&#x438;&#x441;&#x442;&#x435;&#x446;&#x442;&#x432;&#x43E; - &#x413;&#x443;&#x43C;&#x43E;&#x440;</subfield>
    <subfield code="c">&#x413;&#x43E;&#x43B;&#x454; &#x440;&#x435;&#x434;. &#x413;&#x43B;&#x443;&#x448;&#x43A;&#x43E; &#x41E;.</subfield>
  </datafield>
  <datafield tag="300" ind1=" " ind2=" ">
    <subfield code="a">176 &#x441;.</subfield>
  </datafield>
  <datafield tag="955" ind1=" " ind2=" ">
    <subfield code="a">0</subfield>
  </datafield>
  <datafield tag="041" ind1=" " ind2=" ">
    <subfield code="a">ukr</subfield>
  </datafield>
  <datafield tag="080" ind1=" " ind2=" ">
    <subfield code="a">82</subfield>
  </datafield>
  <datafield tag="260" ind1=" " ind2=" ">
    <subfield code="a">&#x41A;.</subfield>
  </datafield>
  <datafield tag="246" ind1="3" ind2="1">
    <subfield code="a">&#x416;&#x443;&#x440;&#x43D;&#x430;&#x43B; &#x43F;&#x438;&#x441;&#x44C;&#x43C;&#x435;&#x43D;&#x43D;&#x438;&#x43A;&#x456;&#x432; &#x423;&#x43A;&#x440;&#x430;&#x457;&#x43D;&#x438;</subfield>
    <subfield code="n"></subfield>
  </datafield>
  <datafield tag="044" ind1=" " ind2=" ">
    <subfield code="a">UA</subfield>
  </datafield>
  <datafield tag="962" ind1=" " ind2=" ">
    <subfield code="a">1933</subfield>
  </datafield>
  <datafield tag="099" ind1=" " ind2=" ">
    <subfield code="a">01021</subfield>
  </datafield>
  <datafield tag="650" ind1=" " ind2="7">
    <subfield code="a">82 &#x41B;&#x456;&#x442;&#x435;&#x440;&#x430;&#x442;&#x443;&#x440;&#x430;. &#x41B;&#x456;&#x442;&#x435;&#x440;&#x430;&#x442;&#x443;&#x440;&#x43E;&#x437;&#x43D;&#x430;&#x432;&#x441;&#x442;&#x432;&#x43E;</subfield>
    <subfield code="2">UDC</subfield>
  </datafield>
  <datafield tag="999" ind1=" " ind2=" ">
    <subfield code="c">324548</subfield>
    <subfield code="d">324548</subfield>
  </datafield>
</record>
